Pokémon by Type Combinations #6 - Statistics

General Stats
  • This quiz has been taken 104 times
  • The average score is 17 of 27
Answer Stats
Type Answer % Correct
Water/Dragon Kingdra
97%
Fire/Ghost Chandelure
85%
Water/Dragon Palkia
83%
Psychic/Flying Sigilyph
78%
Steel/Fairy Klefki
74%
Psychic/Flying Xatu
74%
Normal/Grass Sawsbuck
71%
Fire/Ghost Alolan Marowak
69%
Psychic/Flying Lugia
69%
Steel/Fairy Mawile
67%
Steel/Fairy Tinkaton
67%
Fire/Ghost Skeledirge
64%
Normal/Grass Arboliva
61%
Poison/Ground Clodsire
60%
Steel/Fairy Magearna
60%
Psychic/Flying Swoobat
60%
Fire/Ghost Ceruledge
58%
Poison/Ground Nidoking
58%
Poison/Ground Nidoqueen
58%
Water/Dragon Tatsugiri
56%
Water/Dragon Walking Wake
54%
Psychic/Flying Hisuian Braviary
53%
Fire/Ghost Hisuian Typhlosion
53%
Water/Dragon Dracovish
49%
Fire/Ghost Blacephalon
47%
Psychic/Flying Galarian Articuno
40%
Psychic/Flying Oricorio (P'au Style)
40%
No matching quizzes found
Score Distribution
Percent of People with Each Score
Percentile by Number Answered
Your Score History
You have not taken this quiz